Land of the two rivers /

محفوظ في:

مؤلف مشترك: Iraq. Mudīrīyat al-Diʻāyah wa-al-Idhāʻah al-ʻĀmmah.

التنسيق: كتاب

اللغة: English

منشور في: [Baghdad] : Issued by the Director-General of Guidance and Broadcasting, [1957].

الموضوعات:

الوسوم: إضافة وسم

لا توجد وسوم, كن أول من يضع وسما على هذه التسجيلة!

رقم الطلب: DS70.6 .L3 1957 v.3

LEADER 00859nam a2200241 4500
001 41
003 OSt
005 20260211074838.0
008 130303s1957 iq abce 000 0 eng d
010 |a 78261762 
040 |c ARCE Library 
043 |a a-iq--- 
050 4 |a DS70.6 .L3 1957 v.3 
245 0 0 |a Land of the two rivers /  |c Iraq, Mudīrīyat al-Diʻāyah wa-al-Idhāʻah al-ʻĀmmah. 
264 1 |a [Baghdad] :  |b Issued by the Director-General of Guidance and Broadcasting,  |c [1957]. 
300 |a 53 pages :   |b illustrations (part color), maps (part. color), plans, portiats. (part color) ;   |c 28 cm. 
505 1 |a part 3. The creative history of Iraq.  
651 0 |a Iraq   |x History   |y 634-1534. 
651 0 |a Iraq   |x Antiquities. 
710 1 |a Iraq.  |b Mudīrīyat al-Diʻāyah wa-al-Idhāʻah al-ʻĀmmah. 
901 |a reviewed 
942 |c BK  |2 lcc 
999 |c 9737  |d 9737